000
00284nam a22001217a 4500
003
SGT
082
_a
340
_b
VER
100
_a
INDIAN LAW INSTITUTE
245
_a
ANNUAL SURVEY OF INDIAN LAW 2000
260
_a
NEW DELHI
_b
THE INDIAN LAW INSTITUTE
_c
2000
300
_a
585
942
_2
ddc
_c
BK
999
_c
18461
_d
18461